000 005410000a22001810004500
003 LK-CoMWRAF
005 20240229091800.0
008 230817t2007 ||||| |||| 00| 0 eng d
040 _aLK-CoMWRAF
_dLK-CoMWRAF
_eLK-CoMWRAF
041 _aeng
082 _a923
_bABO
245 _aA.M.A. Azeez:
_bA Profile- commemoration of the 34th death anniversary on 24th November, 2007
260 _aColombo:
_bDr. A.M.A. Azeez Foundation,
_c2007
300 _a59 p.
650 _aEDUCATIONIST-Sri Lanka
700 _aJameel, S.H.M.
_eed.
942 _cBK
999 _c2228
_d2228